Statistics for Elton John & Dua Lipa- Cold Heart Lyrics

Click here to take the quiz!

General Stats

  • This quiz has been taken 206 times
  • The average score is 178 of 236

Answer Stats

Answer% Correct
a
97%
go
97%
I
97%
i
97%
it
95%
be
94%
cold,
93%
cold
93%
heart
93%
It's
93%
it's
93%
gonna
91%
the
91%
think
91%
time
91%
and
90%
long
90%
to
90%
you
88%
no
86%
things
83%
by
82%
when
80%
baby
78%
i'm
76%
me
76%
oh
76%
wrong
75%
am
74%
at
73%
is
72%
just
72%
man
72%
through
72%
human
70%
not
70%
some
70%
brings
68%
have
68%
passing
68%
this
68%
what
68%
better
67%
home
66%
said
66%
should
66%
touchdown
64%
they
63%
find
61%
till
60%
again
59%
looking
59%
her
56%
of
56%
round
55%
sign
54%
strong
54%
but
53%
well
49%
though
48%
hardened
46%
kept
45%
scent
45%
temptations
44%
lingers
42%
thought
42%
hid
39%
shoorah
33%
to find
30%

Score Distribution

Percentile by Number Answered

Percent of People with Each Score

Your Score History

You have not taken this quiz